| 000 | 00656nam a2200193 i 4500 | ||
|---|---|---|---|
| 001 | 92793 | ||
| 003 | ES-MaACL | ||
| 005 | 20230906181048.0 | ||
| 007 | t| | ||
| 008 | 050328s1957 sp ||||1| spa d | ||
| 100 | 1 |
_aLissner, Ivar. _972550 |
|
| 245 | 1 | 0 |
_aNuestro antepasado el hombre _b: (7000 años de civilización) / _cIvar Lissner; [traducción del alemán por Federico Armenter]. |
| 250 | _a[Edición dirigida por Ramón Huguet]. | ||
| 260 |
_aBarcelona : _bJano, _c1957. |
||
| 300 |
_a496 p. : _bil. ; _c25 cm. |
||
| 700 | 1 |
_aArmenter de Monasterio, Federico. _922956 |
|
| 700 | 1 |
_aHuguet, Ramón. _964646 |
|
| 852 |
_aES-MaACL _jC-15797 _bR.43902 |
||
| 999 |
_c92793 _d92793 |
||